Duty : (Record no. 592842)

000 -LEADER
fixed length control field 02309cam a2200445 i 4500
001 - CONTROL NUMBER
control field 17849261
003 - CONTROL NUMBER IDENTIFIER
control field NUST
005 - DATE AND TIME OF LATEST TRANSACTION
control field 20221229123733.0
008 - FIXED-LENGTH DATA ELEMENTS--GENERAL INFORMATION
fixed length control field 130813s2014 nyua 001 0beng
010 ## - LIBRARY OF CONGRESS CONTROL NUMBER
LC control number 2013026348
020 ## - INTERNATIONAL STANDARD BOOK NUMBER
International Standard Book Number 9780307959478 (hardcover)
020 ## - INTERNATIONAL STANDARD BOOK NUMBER
Canceled/invalid ISBN 9780307959485 (ebook)
020 ## - INTERNATIONAL STANDARD BOOK NUMBER
Canceled/invalid ISBN 9780804148641 (compact disk)
020 ## - INTERNATIONAL STANDARD BOOK NUMBER
Canceled/invalid ISBN 9780804148658 (audiobook download)
040 ## - CATALOGING SOURCE
Original cataloging agency DLC
Language of cataloging eng
Transcribing agency DLC
Description conventions rda
Modifying agency DLC
042 ## - AUTHENTICATION CODE
Authentication code pcc
043 ## - GEOGRAPHIC AREA CODE
Geographic area code n-us---
-- a-iq---
-- a-af---
050 00 - LIBRARY OF CONGRESS CALL NUMBER
Classification number E897.4.G37
Item number A3 2014
082 00 - DEWEY DECIMAL CLASSIFICATION NUMBER
Classification number 355.6092,GAT
-- B
Edition number 23
100 1# - MAIN ENTRY--PERSONAL NAME
Personal name Gates, Robert Michael,
Dates associated with a name 1943-
9 (RLIN) 105410
245 10 - TITLE STATEMENT
Title Duty :
Remainder of title memoirs of a Secretary at war /
Statement of responsibility, etc. Robert M. Gates.
246 30 - VARYING FORM OF TITLE
Title proper/short title Memoirs of a Secretary at war
264 #1 - PRODUCTION, PUBLICATION, DISTRIBUTION, MANUFACTURE, AND COPYRIGHT NOTICE
Place of production, publication, distribution, manufacture New York :
Name of producer, publisher, distributor, manufacturer Alfred A. Knopf,
Date of production, publication, distribution, manufacture, or copyright notice 2014.
300 ## - PHYSICAL DESCRIPTION
Extent x, 618 pages :
Other physical details color illustrations ;
Dimensions 25 cm
336 ## - CONTENT TYPE
Content type term text
Source rdacontent
337 ## - MEDIA TYPE
Media type term unmediated
Source rdamedia
338 ## - CARRIER TYPE
Carrier type term volume
Source rdacarrier
505 0# - FORMATTED CONTENTS NOTE
Formatted contents note Summoned to duty (Page-3), Iraq, Iraq and Iraq (Page-25), Mending fences, finding allies (Page-80), Waging war on the Pentagon (Page-115), Beyond Iraq: a complicated world (Page-149), Good war, bad war (Page-197), One damn thing after another (Page-239), Transition (Page-258), New term, new agenda, old secretary (Page-287), Afghanistan: a house divided (Page-335), Difficult foes, difficult friends (Page-387), Meanwhile, back in Washington (Page-432), War, war...and revolution (Page-468), At war to the last day (Page-524), Reflections (Page-566).
600 10 - SUBJECT ADDED ENTRY--PERSONAL NAME
Personal name Gates, Robert Michael,
Dates associated with a name 1943-
9 (RLIN) 105410
610 10 - SUBJECT ADDED ENTRY--CORPORATE NAME
Corporate name or jurisdiction name as entry element United States.
Subordinate unit Department of Defense
General subdivision Officials and employees
Form subdivision Biography.
9 (RLIN) 105411
650 #0 - SUBJECT ADDED ENTRY--TOPICAL TERM
Topical term or geographic name entry element Cabinet officers
Geographic subdivision United States
Form subdivision Biography.
9 (RLIN) 105414
650 #0 - SUBJECT ADDED ENTRY--TOPICAL TERM
Topical term or geographic name entry element Iraq War, 2003-2011
Form subdivision Personal narratives.
9 (RLIN) 106352
650 #0 - SUBJECT ADDED ENTRY--TOPICAL TERM
Topical term or geographic name entry element Afghan War, 2001-
Form subdivision Personal narratives, American.
9 (RLIN) 106353
650 #0 - SUBJECT ADDED ENTRY--TOPICAL TERM
Topical term or geographic name entry element War on Terrorism, 2001-2009
Form subdivision Personal narratives, American.
9 (RLIN) 106354
650 #0 - SUBJECT ADDED ENTRY--TOPICAL TERM
Topical term or geographic name entry element Civil-military relations
Geographic subdivision United States
General subdivision History
Chronological subdivision 21st century.
9 (RLIN) 106355
651 #0 - SUBJECT ADDED ENTRY--GEOGRAPHIC NAME
Geographic name United States
General subdivision Military policy
-- Decision making.
9 (RLIN) 106356
651 #0 - SUBJECT ADDED ENTRY--GEOGRAPHIC NAME
Geographic name United States
General subdivision Politics and government
Chronological subdivision 2001-2009.
9 (RLIN) 8292
651 #0 - SUBJECT ADDED ENTRY--GEOGRAPHIC NAME
Geographic name United States
General subdivision Politics and government
Chronological subdivision 2009-2017.
9 (RLIN) 97582
942 ## - ADDED ENTRY ELEMENTS (KOHA)
Source of classification or shelving scheme
Koha item type Book
Call number prefix 355.6092,GAT
Holdings
Withdrawn status Lost status Source of classification or shelving scheme Damaged status Not for loan Permanent Location Current Location Shelving location Date acquired Total Checkouts Full call number Barcode Date last seen Price effective from Koha item type Public note
          Military College of Signals (MCS) Military College of Signals (MCS) General Stacks 12/29/2022   355.6092,GAT B MCS37555 12/29/2022 12/29/2022 Book Almirah No.53, Shelf No.4
© 2023 Central Library, National University of Sciences and Technology. All Rights Reserved.